书目信息 |
| 题名: |
工程电磁场导论
|
|
| 作者: | 王月清 , 吴桂生 , 王石 编著 | |
| 分册: | ||
| 出版信息: | 北京 电子工业出版社 2005.10 |
|
| 页数: | 238页 | |
| 开本: | 26cm | |
| 丛书名: | ||
| 单 册: | ||
| 中图分类: | O441.4 | |
| 科图分类: | ||
| 主题词: | 电磁场--dian ci chang--高等学校--教材 | |
| 电子资源: | ||
| ISBN: | 7-121-01778-4 | |
| 000 | 00877nam0 2200277 450 | |
| 001 | CAL 012005117984 | |
| 005 | 20060427104111.42 | |
| 010 | @a7-121-01778-4@dCNY 22.00 | |
| 099 | @aCAL 012005117984 | |
| 100 | @a20051025d2005 em y0chiy0121 ea | |
| 101 | 0 | @achi |
| 102 | @aCN@b110000 | |
| 200 | 1 | @a工程电磁场导论@Agong cheng dian ci chang dao lun@f王月清, 吴桂生, 王石编著 |
| 210 | @a北京@c电子工业出版社@d2005.10 | |
| 215 | @a238页@c图@d26cm | |
| 312 | @a英文题名取自封底 | |
| 320 | @a有书目 (第237-238页) | |
| 333 | @a高等学校电子信息类教材 | |
| 510 | 1 | @aEngineering electromagnetic field principle@zeng |
| 606 | 0 | @a电磁场@Adian ci chang@x高等学校@j教材 |
| 690 | @aO441.4@v4 | |
| 701 | 0 | @a王月清@Awang yue qing@4编著 |
| 701 | 0 | @a吴桂生@Awu gui sheng@4编著 |
| 701 | 0 | @a王石@Awang shi@4编著 |
| 801 | 0 | @aCN@bBUPT@c20060427 |
| 905 | @a10447@dO441.4@eW445 | |
| 工程电磁场导论/王月清, 吴桂生, 王石编著.-北京:电子工业出版社,2005.10 |
| 238页:图;26cm |
| 使用对象:高等学校电子信息类教材 |
| ISBN 7-121-01778-4:CNY 22.00 |
| ● |
| 相关链接 |
|
|
|
正题名:工程电磁场导论
索取号:O441.4/W445
 
预约/预借
| 序号 | 登录号 | 条形码 | 馆藏地/架位号 | 状态 | 备注 |
| 1 | 601990 | 206019903 | 自科库401/401自科库 58排6列3层/ [索取号:O441.4/W445] | 在馆 | |
| 2 | 601991 | 206019912 | 自科库401/401自科库 58排6列3层/ [索取号:O441.4/W445] | 在馆 |